| 000 | 00784cam a22002777a 4500 | ||
|---|---|---|---|
| 001 | 14373918 | ||
| 003 | ost | ||
| 005 | 20140310184241.0 | ||
| 008 | 060511s2004 nyua 000 0 eng | ||
| 010 | _a 2006276225 | ||
| 020 | _a0439795974 | ||
| 040 |
_aDLC _cDLC |
||
| 050 | 0 | 0 |
_aPZ 7 _b.B811 2004 |
| 100 | 1 |
_aBradman, Tony. _924589 |
|
| 245 | 1 | 0 |
_aFinal cut / _cby Tony Bradman ; illustrated by Martin Chatterton. |
| 260 |
_aNew York : _bScholastic, _cc2004. |
||
| 300 |
_a87 p. : _bill. ; _c20 cm. |
||
| 490 | 0 | _aApple series | |
| 490 | 0 | _aTales of terror | |
| 521 | _aG8 | ||
| 526 | _c920 | ||
| 906 |
_a7 _bcbc _corignew _d4 _encip _f20 _gy-gencatlg |
||
| 942 |
_2lcc _cBK-SCHOLAS |
||
| 999 |
_c33261 _d33261 |
||